Capitales sans les lettres de "Abuja" - Statistiques

Statistiques générales
  • Ce quiz a été pris 30 fois
    5 depuis la dernière actualisation
  • Le résultat moyen est 18 sur 28
Statistiques - réponses
Continents Capitales % Correct
Europe Londres
100%
Europe Minsk
100%
Europe Oslo
100%
Europe Rome
100%
Asie Dili
75%
Afrique Freetown
75%
Amérique du Sud Georgetown
75%
Europe Helsinki
75%
Asie Koweït
75%
Afrique Lomé
75%
Asie Phnom Penh
75%
Asie Tokyo
75%
Afrique Tripoli
75%
Europe Vienne
75%
Europe Kiev
50%
Amérique du Nord Kingston
50%
Amérique du Nord Kingstown
50%
Amérique du Nord Mexico
50%
Afrique Moroni
50%
Asie Nicosie
50%
Asie Pékin
50%
Afrique Porto-Novo
50%
Europe Stockholm
50%
Océanie Wellington
50%
Afrique Windhoek
50%
Afrique Lilongwe
25%
Amérique du Sud Montevideo
25%
Asie New Delhi
25%
Aucun quiz correspondant
Distribution des résultats
% des personnes avec chaque résultat
Percentile par nombre de réponses
Votre historique - résultats
Vous n’avez pas pris ce quiz depuis la dernière actualisation